000 00301 a2200097 4500
082 _a629.224 ROY
245 _aWeapons and Vehicles Handbook /
_cRoyal Military College of Science
250 _a8th.ed.
260 _aRoyal :
_cRoyal Military College of Science,
_b1990
300 _avarious pagings :
_bill. ;
_c27cm
650 _avehicles
999 _c1616
_d1616